Chansons de Le livre de la jungle - Statistiques

Statistiques générales
  • Ce quiz a été pris 23 fois
  • Le résultat moyen est 6 sur 9
Statistiques - réponses
Personnage(s) Indices Chansons % Correct
Baloo et Mowgli Leçon d'une idée philosophique Il en faut peu pour être heureux
95%
Baloo et Bagheera Chanson de fin (après le départ de Mowgli) Il en faut peu pour être heureux (chanson final)
95%
Mowgli Ignorant la décision de Baloo Il en faut peu pour être heureux (reprise)
95%
Ka hypnose ssssssss Aie confiance
77%
Colonel Hathi et les éléphants Réveil Mowgli après une nuit sur un arbre La Patrouille des éléphants
73%
Colonel Hathi et les éléphants Se décide à chercher Mowgli La Patrouille des éléphants (reprise)
73%
Roi Louie, Baloo et les Singes Souhait du Roi Louie Être un homme comme vous
55%
Les Vautours, Mowgli et Shere Khan Chanson de réconfort pour Mowgli C'est ça l'amitié / Tes Vrais Amis
9%
Shanti Mowgli tombe amoureux de cette fille Ma Maison sous le Chaume
9%
Aucun quiz correspondant
Distribution des résultats
% des personnes avec chaque résultat
Percentile par nombre de réponses
Votre historique - résultats
Vous n’avez pas pris ce quiz